000 00333nam a2200121Ia 4500
008 201002s9999 xx 000 0 und d
020 _a978-043-307-248-5
100 _aBennett, Leonie
245 _cLeonie Bennett
_aArt in the past/
260 _aLondon:
_bHarcourt Education Ltd.
_c2005
300 _a16 pages
_c18 cm.
650 _aArt
999 _c364688
_d364688